| 000 | 00582nam a2200205 a 4500 | ||
|---|---|---|---|
| 005 | 20210219153346.0 | ||
| 008 | 991125n 000 0 u | ||
| 035 | _aUPN01000093799 | ||
| 100 | _aDrodzinsky, David M. | ||
| 222 | _aJOURNAL OF LEARNING DISABILITIES | ||
| 245 | _aPrevalence of adoptees among special education population | ||
| 300 | _a484-489 | ||
| 362 | _a24, No. 8, 1991 | ||
| 505 | _aMayo 1992 | ||
| 653 | 0 | _aESTUDIANTES CON NECESIDADES ESPECIALES | |
| 653 | 0 | _aHIJOS ADOPTADOS | |
| 700 | _aSteiger, Cynthia | ||
| 904 |
_aAC _b031610 |
||
| 905 | _aArticulo | ||
| 999 |
_c74805 _d74805 |
||